000 00365nam a2200133Ia 4500
008 151015s9999 xx 000 0 und d
020 _a9.7802737092e+012
050 _aHF 5635 .D38 2007
245 _aDyson John N
250 _a_Accounting for non-Accounting students John R.Dyson
260 _a7th ed.
300 _aUK Pearson 2007
500 _aIncludes index
999 _c2920
_d2920